Interpersonal communication skills differentiating more satisfying from less satisfying marital relationships /

Bibliographic Details
Main Author: Boyd, Lenore Frances Anglin
Other Authors: Anderson, Carol R. (degree committee member.), Bergum, Bruce (degree committee member.), Stenning, Walter (degree committee member.)
Format: Thesis Book
Language:English
Published: [College Station, Tex.] : Boyd, 1976.
Subjects:
Online Access:Link to ProQuest copy.
Link to OAKTrust copy

MARC

Tag First Indicator Second Indicator Subfields
LEADER 00000cam a2200000Ii 4500
001 in00000507313
005 20220104090642.0
008 761005s1976 txu bm 000 0 eng d
035 |9 ACD1157AM 
035 |a (OCoLC)02481356 
035 |a (OCoLC)2481356 
035 |a (OCoLC)ocm02481356 
040 |a TXA  |b eng  |c TXA  |d OCLCQ  |d OCLCF  |d OCLCQ  |d OCLCO  |d TXA  |d UtOrBLW 
049 |a TXAM 
099 |a 1976  |a Dissertation  |a B789 
100 1 |a Boyd, Lenore Frances Anglin. 
245 1 0 |a Interpersonal communication skills differentiating more satisfying from less satisfying marital relationships /  |c by Lenore Frances Anglin Boyd. 
264 1 |a [College Station, Tex.] :  |b Boyd,  |c 1976. 
300 |a x, 116 leaves ;  |c 28 cm 
336 |a text  |b txt  |2 rdacontent 
337 |a unmediated  |b n  |2 rdamedia 
338 |a volume  |b nc  |2 rdacarrier 
500 |a "Major Subject: Education (Educational Psychology)." 
500 |a Vita. 
502 |c Texas A & M University 
504 |a Includes bibliographical references (leaves 84-93). 
520 3 |a The primary purpose of this study was to determine specific interpersonal communication skills which differentiated couples with more satisfying marital relationships from those with less satisfying relationships. To accomplish this purpose, 25 statements representing specific communication skills were derived from a review of the literature. These statements were arranged as two scales, Interpersonal Communication Skills Inventory-Self (ICSI-Self), and Interpersonal Communication Skills Inventory-Spouse (ICSI-Spouse). A total of 111 married couples completed the following instruments: Personal Data Inventory (PDI), Marital Adjustment Test (MAT), Marital Communication Inventory (MCI), ICSI-Self, and ICSI-Spouse. Participation in the study was voluntary, and no attempt was made to select or limit the sample according to age, ethnicity, level of education, or number of years married. Biographical data provided as responses to PDI by all participants indicated a wide range of characteristics within every variable. 
650 0 |a Communication in marriage.  |0 http://id.loc.gov/authorities/subjects/sh85029078 
650 0 |a Interpersonal communication.  |0 http://id.loc.gov/authorities/subjects/sh85067481 
650 4 |a Major educational psychology. 
650 7 |a Communication in marriage.  |2 fast  |0 (OCoLC)fst00870199 
650 7 |a Interpersonal communication.  |2 fast  |0 (OCoLC)fst00977344 
655 7 |a Academic theses.  |2 lcgft  |0 http://id.loc.gov/authorities/genreForms/gf2014026039 
700 1 |a Anderson, Carol R.,  |e degree committee member.  |0 http://id.loc.gov/authorities/names/n86802084 
700 1 |a Bergum, Bruce,  |e degree committee member. 
700 1 |a Roach, A. J.,  |e degree supervisor. 
700 1 |a Stenning, Walter,  |e degree committee member. 
710 2 |a Texas A & M University,  |e degree granting institution.  |0 http://id.loc.gov/authorities/names/n80125885 
856 4 1 |u http://proxy.library.tamu.edu/login?url=http://proquest.umi.com/pqdweb?did=760473371&sid=1&Fmt=2&clientId=2945&RQT=309&VName=PQD  |z Link to ProQuest copy.  |t 0 
856 4 1 |u https://hdl.handle.net/1969.1/DISSERTATIONS-508353  |z Link to OAKTrust copy  |t 0 
994 |a C0  |b TXA 
999 f f |s 8e64f8ed-43d8-346a-913d-9034e1b8f60a  |i 4b825981-225c-387b-abca-cb093f9e1648  |t 0 
952 f f |p noncirc  |a Texas A&M University  |b J.J. Pickle Campus  |c High Density Repository  |s HDR  |d Remote Storage  |t 0  |e 1976 Dissertation B789  |h Other scheme  |i unmediated -- volume  |m A14840972919 
952 f f |a Texas A&M University  |b College Station  |c Electronic Resources  |s www_evans  |d Available Online  |t 0  |e 1976 Dissertation B789  |h Other scheme 
998 f f |a 1976 Dissertation B789  |t 0  |l Available Online 
998 f f |a 1976 Dissertation B789  |t 0  |l Remote Storage